000
00314nam a22001457a 4500
082
_a
220
_b
KIN/H
100
_a
KING JAMES
245
_a
THE HOLY BIBLE
246
_a
THE HOLY BIBLE
_b
THE HOLY BIBLE
260
_a
NEW YORK
_b
IVY
_c
1991
300
_a
1112
520
_a
BIBLE
650
_a
ENGLISH BIBLE
942
_c
BK
999
_c
8702
_d
8702